International Coordination of Economic Policies : Scope, Methods, and Effects.

This paper discusses the scope, methods, and effects of international coordination of economic policies. In analyzing the scope for and of coordination, the paper addresses the rationale for coordination, barriers to coordination, the range and specificivity of policies to be coordinated, and the fr...

Ful tanımlama

Detaylı Bibliyografya
Müşterek Yazar: International Monetary Fund
Materyal Türü: Dergi
Dil:English
Baskı/Yayın Bilgisi: Washington, D.C. : International Monetary Fund, 1988.
Seri Bilgileri:IMF Working Papers; Working Paper ; No. 1988/053
Online Erişim:Full text available on IMF
LEADER 01709cas a2200241 a 4500
001 AALejournalIMF010089
008 230101c9999 xx r poo 0 0eng d
020 |c 5.00 USD 
020 |z 9781451969825 
022 |a 1018-5941 
040 |a BD-DhAAL  |c BD-DhAAL 
110 2 |a International Monetary Fund. 
245 1 0 |a International Coordination of Economic Policies :   |b Scope, Methods, and Effects. 
264 1 |a Washington, D.C. :  |b International Monetary Fund,  |c 1988. 
300 |a 1 online resource (59 pages) 
490 1 |a IMF Working Papers 
500 |a <strong>Off-Campus Access:</strong> No User ID or Password Required 
500 |a <strong>On-Campus Access:</strong> No User ID or Password Required 
506 |a Electronic access restricted to authorized BRAC University faculty, staff and students 
520 3 |a This paper discusses the scope, methods, and effects of international coordination of economic policies. In analyzing the scope for and of coordination, the paper addresses the rationale for coordination, barriers to coordination, the range and specificivity of policies to be coordinated, and the frequency of coordination. In evaluating the methods of coordination, the emphasis is on the broad issues of rules versus discretion, single-indicator versus multi-Indicator systems, and hegemonic versus symmetric systems. Finally, using the MULTIMOD global macroeconomic model, some simulations are presented of several rule-based proposals for coordination. 
538 |a Mode of access: Internet 
830 0 |a IMF Working Papers; Working Paper ;  |v No. 1988/053 
856 4 0 |z Full text available on IMF  |u http://elibrary.imf.org/view/journals/001/1988/053/001.1988.issue-053-en.xml  |z IMF e-Library